| 000 | 01613nam0a2200313 i 4500 | ||
|---|---|---|---|
| 001 | RU\NLR\BIBL_A\010433053 | ||
| 005 | 20260406162500.0 | ||
| 010 |
_a9785927512133 _9200 |
||
| 021 |
_aRU _b2014-38787 _92360 |
||
| 035 | _a(NILC)RuMoRGB-007497579 | ||
| 035 | _a(NLR Aleph) 010433053 | ||
| 090 |
_a9858419 _c9858419 |
||
| 100 | _a20140718d2014 km y0rusy50 ca | ||
| 101 | 0 | _arus | |
| 102 | _aRU | ||
| 105 | _ayc||z||||01yd | ||
| 200 | 1 |
_aПроблемы творчества Гайто Газданова _fО. Е. Гайбарян _gМ-во образования и науки Российской Федерации, Федеральное гос. автоном. образовательное учреждение высш. проф. образования "Южный федеральный ун-т", [Ин-т филологии, журналистики и межкультурной коммуникации] |
|
| 210 |
_aРостов-на-Дону _cИзд-во Южного федерального университета _d2014 |
||
| 215 |
_a253, [2] с. _cпортр. _d21 |
||
| 320 | _aБиблиогр. в примеч. вконце кн. (10 назв.) | ||
| 600 | 1 |
_aГазданов _bГ. _f1903 - 1971 _gГайто _91339734 _3RU\NLR\AUTH\66243371 |
|
| 686 | 1 | _aШ5(2=Р)6-4Газданов | |
| 700 | 1 |
_aГайбарян _bО. Е. _gОльга Ервандовна |
|
| 702 | 1 |
_4570 _7ca _8rus _aГазданов _bГ. _f1903-1971 _gГайто _9119215 _3RU\NLR\AUTH\779383 |
|
| 801 | 0 |
_aRU _bРГБ _c20140527 _gRCR |
|
| 942 | _cBOOK | ||
| 980 | _aNBR | ||